[Event "Kazakhstan Chess Cup 2023"]
[Site "Astana KAZ"]
[Date "2023.04.24"]
[Round "2.12"]
[White "Daneshvar, Bardiya"]
[Black "Zharokov, Kaissar"]
[Result "1-0"]
[WhiteTitle "IM"]
[WhiteElo "2540"]
[BlackElo "2086"]
[WhiteFideId "12576468"]
[BlackFideId "13704150"]
[EventDate "2023.04.23"]

1. d4 Nf6 2. c4 g6 3. Nc3 d6 4. e4 Bg7 5. Be2 c5 6. Nf3 cxd4 7. Nxd4 Nc6 8. Be3
O-O 9. f3 Nxd4 10. Bxd4 Be6 11. Qd2 Qa5 12. Rd1 a6 13. O-O Rfc8 14. b3 b5 15.
cxb5 axb5 16. Qb2 b4 17. Na4 Ne8 18. Rd2 Rc6 19. Bxg7 Nxg7 20. Bd3 Qa7+ 21. Rdf2
Nh5 22. Qd2 Qd4 23. Rd1 Rac8 24. Bb5 Qxd2 25. Rfxd2 Rc1 26. Rxc1 Rxc1+ 27. Kf2
Nf6 28. Nb2 Rc7 29. Nd3 Rb7 30. Bc6 Rb6 31. Rc2 Bc8 32. Ke3 Ba6 33. Ba4 e5 34.
Rc6 Nd7 35. Rxb6 Nxb6 36. Nxb4 Bf1 37. Kf2 1-0

[Event "Kazakhstan Chess Cup 2023"]
[Site "Astana KAZ"]
[Date "2023.04.24"]
[Round "2.13"]
[White "Ulkhanov, Azamat"]
[Black "Sivuk, Vitaly"]
[Result "0-1"]
[BlackTitle "GM"]
[WhiteElo "2077"]
[BlackElo "2533"]
[WhiteFideId "13700235"]
[BlackFideId "14116502"]
[EventDate "2023.04.23"]

1. e4 g6 2. d4 Bg7 3. Nc3 d6 4. h3 a6 5. a4 b6 6. Nf3 Bb7 7. Bc4 e6 8. Bg5 Ne7
9. Qd2 h6 10. Bf4 Nd7 11. O-O Nf6 12. Rfe1 g5 13. Bg3 Nh5 14. Bh2 Ng6 15. Qe3
O-O 16. Rad1 Qd7 17. e5 Nhf4 18. Bb3 Nxg2 19. Kxg2 Nh4+ 20. Kf1 Nxf3 21. Bg3
Nxe1 22. Kxe1 dxe5 23. dxe5 Qc6 24. Ke2 Rad8 25. Rd4 Qf3+ 26. Qxf3 Bxf3+ 27. Ke3
Rxd4 28. Kxd4 h5 29. h4 g4 30. Bf4 Kh7 31. Ne4 Rd8+ 32. Ke3 Bxe4 33. Kxe4 Bh6
34. Bg3 Bc1 0-1

[Event "Kazakhstan Chess Cup 2023"]
[Site "Astana KAZ"]
[Date "2023.04.24"]
[Round "2.14"]
[White "Ilkhomi, Jaloliddin"]
[Black "Nikitenko, Mihail"]
[Result "0-1"]
[WhiteTitle "FM"]
[BlackTitle "GM"]
[WhiteElo "2040"]
[BlackElo "2522"]
[WhiteFideId "14700948"]
[BlackFideId "13506862"]
[EventDate "2023.04.23"]

1. Nf3 Nf6 2. c4 e6 3. g3 d5 4. Bg2 Be7 5. O-O O-O 6. d4 c6 7. Qc2 b6 8. Nbd2
Nbd7 9. b3 Ba6 10. e4 Rc8 11. Bb2 c5 12. exd5 exd5 13. Rfd1 cxd4 14. Nxd4 b5 15.
Qf5 g6 16. Qg5 bxc4 17. bxc4 dxc4 18. Nc6 Rxc6 19. Bxc6 Qb6 20. Bxd7 Qxb2 21.
Qe3 Qa3 22. Qxa7 c3 23. Nb3 c2 24. Rd2 Rd8 25. Rc1 Qxa2 26. Rcxc2 Qxb3 27. Qxa6
Rxd7 28. Rxd7 Nxd7 29. Rc7 Qd1+ 30. Kg2 Qd5+ 31. Kg1 Bf8 32. Qb7 Qd1+ 33. Kg2
Ne5 34. Rc8 Qd6 35. Qa8 Nd7 36. Rd8 Qe7 37. Re8 Qb4 38. Qc6 Nc5 39. Qa8 Ne6 40.
Qc6 Qg4 41. Qf3 Qc4 42. h4 h5 43. Rb8 Qc5 44. Qa8 Kg7 45. Qa1+ Kh7 46. Qf6 Qc7
47. Rb1 Bg7 48. Qf3 Qe5 49. Rb7 f5 50. Rd7 f4 51. Rd5 Qe1 52. gxf4 Qc1 53. Rxh5+
Bh6 54. f5 Nf4+ 55. Kh2 gxh5 56. Qb7+ Kg8 57. Qb8+ Bf8 58. Qb3+ Kh8 59. Qb8 Qc5
60. Qb2+ Kh7 61. f6 Qf5 62. f7 0-1

[Event "Kazakhstan Chess Cup 2023"]
[Site "Astana KAZ"]
[Date "2023.04.24"]
[Round "2.15"]
[White "Goganov, Aleksey"]
[Black "Kaldarova, Ayaulym"]
[Result "1-0"]
[WhiteTitle "GM"]
[WhiteElo "2525"]
[BlackElo "2044"]
[WhiteFideId "24109959"]
[BlackFideId "13720503"]
[EventDate "2023.04.23"]

1. e4 e6 2. d4 d5 3. Nc3 Bb4 4. e5 c5 5. a3 Bxc3+ 6. bxc3 Nc6 7. Qg4 g6 8. h4 h6
9. h5 g5 10. f4 f5 11. Qg3 g4 12. dxc5 Qa5 13. a4 Qxc5 14. Bb5 Bd7 15. Ba3 Qb6
16. Ne2 Nge7 17. Qh4 Rh7 18. Qf6 O-O-O 19. Rb1 Kb8 20. Rb3 Re8 21. Kd2 d4 22. c4
a6 23. Bd6+ Ka8 24. Rhb1 Qa5+ 25. Kd1 Nc8 26. Qg6 Nxd6 27. exd6 Rhh8 28. Qg7 Rd8
29. Bxc6 bxc6 30. Rb7 d3 31. Rxd7 dxe2+ 32. Kxe2 Rxd7 33. Qxd7 Rb8 34. Qxc6+ Ka7
35. Rxb8 Kxb8 36. d7 Qc7 37. Qxa6 Qxd7 38. Qb5+ Kc7 39. Qxd7+ Kxd7 40. a5 1-0

[Event "Kazakhstan Chess Cup 2023"]
[Site "Astana KAZ"]
[Date "2023.04.25"]
[Round "3.1"]
[White "Niemann, Hans Moke"]
[Black "Atabayev, Saparmyrat"]
[Result "1/2-1/2"]
[WhiteTitle "GM"]
[BlackTitle "IM"]
[WhiteElo "2706"]
[BlackElo "2448"]
[WhiteFideId "2093596"]
[BlackFideId "14000571"]
[EventDate "2023.04.23"]

1. d4 Nf6 2. c4 e6 3. Nf3 d5 4. g3 Be7 5. Bg2 O-O 6. O-O dxc4 7. Qc2 a6 8. a4
Bd7 9. Qxc4 Bc6 10. Bg5 Bd5 11. Qc2 Be4 12. Qc1 h6 13. Bxf6 Bxf6 14. Nbd2 Bh7
15. Rd1 a5 16. Nb3 c6 17. Qc3 Be7 18. Nc5 Na6 19. Nxb7 Qc7 20. Nc5 Nxc5 21. dxc5
Bf6 22. Nd4 Rab8 23. Rd2 Rb4 24. Qe3 e5 25. Nxc6 Bg5 26. Qc3 Bxd2 27. Qxd2 Rc4
28. Qxa5 Qxa5 29. Nxa5 Rxc5 30. b4 Rc2 31. b5 Rxe2 32. Nc6 Rb2 33. Nxe5 Re8 34.
f4 f6 35. Bd5+ Kf8 36. Nd7+ Ke7 37. Nb6 Kd8 38. a5 Bb1 39. Bc4 Re1+ 40. Bf1 Rd2
41. a6 Rdd1 42. Ra4 Rxf1+ 43. Kg2 1/2-1/2

[Event "Kazakhstan Chess Cup 2023"]
[Site "Astana KAZ"]
[Date "2023.04.25"]
[Round "3.2"]
[White "Agmanov, Zhandos"]
[Black "Nabaty, Tamir"]
[Result "1/2-1/2"]
[WhiteTitle "IM"]
[BlackTitle "GM"]
[WhiteElo "2446"]
[BlackElo "2645"]
[WhiteFideId "13708309"]
[BlackFideId "2809052"]
[EventDate "2023.04.23"]

1. d4 d5 2. c4 dxc4 3. Nf3 Nf6 4. e3 e6 5. Bxc4 a6 6. O-O c5 7. dxc5 Bxc5 8.
Qxd8+ Kxd8 9. Be2 Ke7 10. Nc3 b5 11. Nd2 Bb7 12. Nb3 Rc8 13. Nxc5 Rxc5 14. Bd2
Nc6 15. b4 Rf5 16. e4 Re5 17. Bf4 Nxe4 18. Bxe5 Nxe5 19. Nxe4 Bxe4 20. a4 Nc6
21. axb5 Nd4 22. Bf3 Bxf3 23. gxf3 Nxb5 24. Rfc1 Kd6 25. Rd1+ Ke7 26. Rdc1 Kd6
27. Rc5 Nc7 28. Rd1+ Nd5 29. Ra5 Rb8 30. Rxa6+ Ke7 31. Rb1 Rxb4 32. Rxb4 Nxb4
33. Ra7+ Kf6 34. Kg2 Nc6 35. Ra4 Ne7 36. h4 h5 37. Ra5 1/2-1/2

[Event "Kazakhstan Chess Cup 2023"]
[Site "Astana KAZ"]
[Date "2023.04.25"]
[Round "3.3"]
[White "Sethuraman, S.P."]
[Black "Akhmetov, Ayan"]
[Result "1-0"]
[WhiteTitle "GM"]
[BlackTitle "IM"]
[WhiteElo "2639"]
[BlackElo "2435"]
[WhiteFideId "5021596"]
[BlackFideId "13703706"]
[EventDate "2023.04.23"]

1. e4 Nf6 2. e5 Nd5 3. d4 d6 4. Nf3 dxe5 5. c4 Nb6 6. Nxe5 g6 7. Nc3 Bg7 8. Be3
O-O 9. f4 c5 10. d5 N8d7 11. Nf3 e5 12. dxe6 Qe7 13. exf7+ Rxf7 14. Qd2 Rxf4 15.
O-O-O Rf8 16. Bf4 Ne5 17. Bxe5 Bxe5 18. Nd5 Qd6 19. Nxe5 Qxe5 20. Re1 Qg7 21.
Re7 Rf7 22. Nxb6 Rxe7 23. Nxa8 Bf5 24. Nc7 h5 25. Nd5 Re4 26. Nc3 Rd4 27. Qe3 1-0

[Event "Kazakhstan Chess Cup 2023"]
[Site "Astana KAZ"]
[Date "2023.04.25"]
[Round "3.4"]
[White "Madaminov, Mukhiddin"]
[Black "Rakhmanov, Aleksandr"]
[Result "1/2-1/2"]
[WhiteTitle "IM"]
[BlackTitle "GM"]
[WhiteElo "2436"]
[BlackElo "2632"]
[WhiteFideId "14210703"]
[BlackFideId "4173708"]
[EventDate "2023.04.23"]

1. d4 d5 2. c4 e6 3. Nc3 a6 4. cxd5 exd5 5. Nf3 Nf6 6. Bg5 Be6 7. e3 Nbd7 8. Bd3
Bd6 9. O-O c6 10. Qc2 Qc7 11. Bh4 h6 12. Bg3 Bxg3 13. hxg3 O-O 14. Na4 a5 1/2-1/2

[Event "Kazakhstan Chess Cup 2023"]
[Site "Astana KAZ"]
[Date "2023.04.25"]
[Round "3.5"]
[White "Suleymenov, Alisher"]
[Black "Sargsyan, Shant"]
[Result "0-1"]
[WhiteTitle "IM"]
[BlackTitle "GM"]
[WhiteElo "2434"]
[BlackElo "2630"]
[WhiteFideId "13707833"]
[BlackFideId "13306766"]
[EventDate "2023.04.23"]

1. e4 e5 2. Nf3 Nc6 3. Bb5 a6 4. Ba4 Nf6 5. O-O Be7 6. d3 b5 7. Bb3 d6 8. a4 Bd7
9. Bd2 O-O 10. h3 b4 11. a5 Rb8 12. c3 Qc8 13. Re1 Be6 14. Ba4 bxc3 15. Bxc3 Qb7
16. d4 Nxd4 17. Nxd4 exd4 18. Qxd4 Rfd8 19. Nd2 h6 20. b4 c5 21. bxc5 dxc5 22.
Qe3 c4 23. Reb1 Qc7 24. Rxb8 Rxb8 25. Nf3 Bc5 26. Bd4 Rc8 27. Bc2 Nd7 28. Qc3
Bxd4 29. Nxd4 Qe5 30. Rf1 g5 31. Qe3 Qf4 32. Qc3 Qe5 33. Qe3 Qf4 34. Qxf4 gxf4
35. f3 Ne5 36. Ne2 Ng6 37. Kf2 Rc5 38. Ra1 Kg7 39. Nc3 Rg5 40. Ne2 Kf6 41. Ra4
Rc5 42. Bb1 Ke5 43. Ke1 h5 44. Bc2 h4 45. Ra1 Ne7 46. Kd2 Nc6 47. Kc3 Rxa5 48.
Ra4 Rxa4 49. Bxa4 Na5 50. Kb4 Nb3 51. Kc3 Nc5 52. Bc2 Nb3 53. Bd1 a5 54. Kb2 Nd2
55. Ba4 Nf1 56. Kc3 Ne3 57. Nd4 Nxg2 58. Nxe6 fxe6 59. Kxc4 Ne1 60. Bd1 a4 61.
Kb4 Kd4 62. Kxa4 Ke3 63. Kb4 Nxf3 64. Kc5 Kxe4 0-1

[Event "Kazakhstan Chess Cup 2023"]
[Site "Astana KAZ"]
[Date "2023.04.25"]
[Round "3.6"]
[White "Zhalmakhanov, Ramazan"]
[Black "Ter-Sahakyan, Samvel"]
[Result "1-0"]
[WhiteTitle "IM"]
[BlackTitle "GM"]
[WhiteElo "2425"]
[BlackElo "2613"]
[WhiteFideId "13706357"]
[BlackFideId "13302531"]
[EventDate "2023.04.23"]

1. e4 c6 2. Nc3 d5 3. Nf3 Bg4 4. h3 Bxf3 5. Qxf3 e6 6. g3 h5 7. d3 Bb4 8. Bd2
Ne7 9. Bg2 h4 10. a3 Ba5 11. O-O d4 12. Nb1 Bc7 13. Be1 Nd7 14. Nd2 Ng6 15. Qe2
Qf6 16. Nf3 Rd8 17. c3 Bb6 18. cxd4 Bxd4 19. Nxd4 Qxd4 20. Bc3 Qd6 21. Qe3 O-O
22. Rad1 c5 23. f4 hxg3 24. Qxg3 b5 25. b3 b4 26. axb4 cxb4 27. Ba1 Rc8 28. d4
Rfe8 29. Kh1 a5 30. e5 Qe7 31. d5 exd5 32. Bxd5 Rc5 33. Rg1 Ndf8 34. f5 Rd8 35.
Qg2 1-0

[Event "Kazakhstan Chess Cup 2023"]
[Site "Astana KAZ"]
[Date "2023.04.25"]
[Round "3.7"]
[White "Kovalev, Vladislav"]
[Black "Aitbayev, Aslan"]
[Result "1-0"]
[WhiteTitle "GM"]
[BlackTitle "IM"]
[WhiteElo "2612"]
[BlackElo "2427"]
[WhiteFideId "13504398"]
[BlackFideId "13704613"]
[EventDate "2023.04.23"]

1. e4 e6 2. d4 d5 3. Nc3 Bb4 4. Ne2 dxe4 5. a3 Be7 6. Nxe4 Nf6 7. Nxf6+ Bxf6 8.
Be3 O-O 9. Qd2 Nd7 10. O-O-O Be7 11. h4 Nf6 12. Nc3 a6 13. h5 b5 14. h6 g6 15.
Bg5 Bb7 16. Qe1 Nd7 17. Bf4 Bd6 18. Qe3 Bxf4 19. Qxf4 Rc8 20. Bd3 Bxg2 21. Rhg1
Bb7 22. Be4 Bxe4 23. Nxe4 Qe7 24. Rg3 f6 25. Rc3 e5 26. dxe5 Nxe5 27. Rc5 Rce8
28. Rcd5 f5 29. Nc5 Nc4 30. Nxa6 Qf6 31. Rxb5 Nxa3 32. Ra5 Re4 33. Qxc7 Nc4 34.
Rb5 Qg5+ 35. Kb1 Qxh6 36. Rb7 Rh4 37. b3 Na3+ 1-0

[Event "Kazakhstan Chess Cup 2023"]
[Site "Astana KAZ"]
[Date "2023.04.25"]
[Round "3.8"]
[White "Sapenov, Daniyal"]
[Black "Lysyj, Igor"]
[Result "1-0"]
[WhiteTitle "FM"]
[BlackTitle "GM"]
[WhiteElo "2321"]
[BlackElo "2606"]
[WhiteFideId "13728911"]
[BlackFideId "4150120"]
[EventDate "2023.04.23"]

1. d4 d5 2. c4 e6 3. Nf3 dxc4 4. e3 Nf6 5. Bxc4 c5 6. O-O cxd4 7. exd4 Be7 8.
Nc3 O-O 9. Re1 Nc6 10. a3 b6 11. Qd3 Bb7 12. Ba2 h6 13. Be3 Bd6 14. Rad1 Ne7 15.
Bc1 Ned5 16. Ne5 Nxc3 17. bxc3 Bxe5 18. Rxe5 Rc8 19. Rde1 Qc7 20. Bd2 Ng4 21.
Rh5 Rfe8 22. Qh3 Nf6 23. Rhe5 h5 24. Qh4 Qc6 25. Rg5 g6 26. Bb1 Kg7 27. Rg3 Rcd8
28. Bh6+ Kxh6 29. Qxf6 1-0

[Event "Kazakhstan Chess Cup 2023"]
[Site "Astana KAZ"]
[Date "2023.04.25"]
[Round "3.9"]
[White "Gareyev, Timur"]
[Black "Matinian, Nikita"]
[Result "1/2-1/2"]
[WhiteTitle "GM"]
[BlackTitle "GM"]
[WhiteElo "2602"]
[BlackElo "2407"]
[WhiteFideId "14200937"]
[BlackFideId "24129100"]
[EventDate "2023.04.23"]

1. d4 Nf6 2. c4 g6 3. Nc3 Bg7 4. e4 d6 5. Be2 O-O 6. Nf3 e5 7. O-O Nbd7 8. Re1
Re8 9. Bf1 a5 10. Rb1 c6 11. d5 Nc5 12. b3 Bd7 13. Ba3 Qb8 14. Bxc5 dxc5 15. Qd2
Qa7 16. h3 Rad8 17. Qe3 Bf8 18. Rbd1 Qb8 19. dxc6 Bxc6 20. Nd5 Rd6 21. Qc3 a4
22. Qa5 axb3 23. axb3 Nh5 24. Qc7 Qxc7 25. Nxc7 Red8 26. Nd5 Re8 27. g3 f6 28.
h4 Kf7 29. Ra1 Ng7 30. Bh3 Ne6 31. Bxe6+ Rexe6 32. Ra7 h5 33. Nd2 Bh6 34. Nb1
Rd7 35. Rd1 f5 36. Nbc3 Bf8 37. Kg2 Red6 38. f3 Re6 39. Kf2 Red6 40. Ke2 Re6 41.
Rda1 Red6 42. R1a5 Re6 43. Na4 fxe4 44. fxe4 g5 45. hxg5 Kg6 46. Nxc5 Bxc5 47.
Rxc5 Kxg5 48. b4 Kg4 49. b5 Bxd5 50. Rxd5 Rc7 51. c5 Kxg3 52. c6 Ree7 53. Rxb7
Rxb7 54. cxb7 Rxb7 55. Ke3 h4 56. Rxe5 Rg7 57. b6 1/2-1/2

[Event "Kazakhstan Chess Cup 2023"]
[Site "Astana KAZ"]
[Date "2023.04.25"]
[Round "3.10"]
[White "Sadubayev, Airat"]
[Black "Vokhidov, Shamsiddin"]
[Result "0-1"]
[WhiteTitle "FM"]
[BlackTitle "GM"]
[WhiteElo "2320"]
[BlackElo "2601"]
[WhiteFideId "13713264"]
[BlackFideId "14204223"]
[EventDate "2023.04.23"]

1. e4 c5 2. Nf3 e6 3. d4 cxd4 4. Nxd4 Nc6 5. Nxc6 bxc6 6. Bd3 Nf6 7. O-O d5 8.
Nc3 Be7 9. Qe2 O-O 10. b3 Nd7 11. Na4 Ne5 12. Bb2 Nxd3 13. cxd3 Ba6 14. Rfd1 Rc8
15. Rac1 c5 16. exd5 Qxd5 17. Qg4 g6 18. d4 h5 19. Qf3 Qxf3 20. gxf3 Be2 21. Re1
Bxf3 22. Nxc5 Rfd8 23. Nd3 Bg5 24. Rxc8 Rxc8 25. Re5 Be7 26. Ra5 Rc2 27. Ne1 Bb4
28. Nxc2 Bxa5 29. Ne3 g5 30. Ba3 f6 31. Bc5 a6 32. a4 Bc7 33. b4 Bc6 34. d5 exd5
35. b5 axb5 36. axb5 Bxb5 37. Nxd5 Be5 38. Be3 Bb2 39. Bd2 Kf7 40. Bc3 Bxc3 41.
Nxc3 Bd3 42. f3 Ke6 43. Kf2 Ke5 44. Ke3 Bc4 45. Ne4 Bd5 46. Nf2 Kf5 47. Nd3 Bc6
48. Nf2 Bb7 49. Nd3 Ba6 50. Nf2 Ke5 51. Ne4 Bc4 52. Nd2 Bd5 53. Nb1 f5 54. Nc3
Bc4 55. Nb1 f4+ 56. Kd2 Kd4 57. Nc3 g4 58. fxg4 hxg4 59. Nd1 Ke4 60. Ke1 Kf3 61.
Nf2 Bb5 62. Nh1 Kg2 63. Nf2 Bd7 64. Nd3 f3 0-1

[Event "Kazakhstan Chess Cup 2023"]
[Site "Astana KAZ"]
[Date "2023.04.25"]
[Round "3.11"]
[White "Moiseenko, Alexander"]
[Black "Suleimen, Ergali"]
[Result "1-0"]
[WhiteTitle "GM"]
[BlackTitle "FM"]
[WhiteElo "2573"]
[BlackElo "2398"]
[WhiteFideId "14102560"]
[BlackFideId "13724452"]
[EventDate "2023.04.23"]

1. d4 Nf6 2. c4 g6 3. Nc3 d5 4. cxd5 Nxd5 5. Bd2 Bg7 6. e4 Nb6 7. Be3 O-O 8. Be2
Nc6 9. Nf3 Bg4 10. e5 Nb4 11. O-O N4d5 12. Bg5 h6 13. Bd2 Nxc3 14. Bxc3 Rc8 15.
h3 Be6 16. b4 Bc4 17. Bxc4 Nxc4 18. e6 f5 19. Ne5 Bxe5 20. dxe5 Qxd1 21. Rfxd1
Rfd8 22. Rd7 Kf8 23. Rad1 Ke8 24. g4 fxg4 25. hxg4 Nb6 26. Rxd8+ Rxd8 27. Rxd8+
Kxd8 28. f4 Ke8 29. Kf2 Kf8 30. Kf3 Nd5 31. Be1 c6 32. Ke4 Kg7 33. b5 Nc7 34.
bxc6 bxc6 35. Bb4 Nd5 36. Bd2 a6 37. f5 Nc7 38. Kd4 h5 39. Kc5 hxg4 40. Kxc6 Ne8
41. Kd7 1-0

[Event "Kazakhstan Chess Cup 2023"]
[Site "Astana KAZ"]
[Date "2023.04.25"]
[Round "3.12"]
[White "Nugumanov, Bakhtiyar"]
[Black "Daneshvar, Bardiya"]
[Result "1/2-1/2"]
[WhiteTitle "IM"]
[BlackTitle "IM"]
[WhiteElo "2316"]
[BlackElo "2540"]
[WhiteFideId "13701797"]
[BlackFideId "12576468"]
[EventDate "2023.04.23"]

1. e4 c5 2. Nf3 d6 3. d4 cxd4 4. Nxd4 Nf6 5. Nc3 a6 6. g3 e5 7. Nb3 Be7 8. Bg2
Nbd7 9. O-O b5 10. a4 b4 11. Na2 a5 12. c3 bxc3 13. Nxc3 O-O 14. Nb5 Nb6 15. Bd2
Nc4 16. Bc3 Be6 17. Re1 Nd7 18. Bf1 Qb6 19. Nd2 Nxd2 20. Bxd2 Nf6 21. Be3 Qb8
22. Bg5 Rd8 23. Rc1 Rd7 24. Bc4 Bg4 25. Qb3 Qf8 26. f3 Bh3 27. Bxf6 Bxf6 28. Bd5
Rb8 29. Rc6 Bd8 30. Qe3 Rdb7 31. Kh1 Bb6 32. Qd2 Re7 33. Nxd6 Bd7 34. Rc4 Be6
35. Rec1 Rd8 36. Rc6 Bd4 37. Bxe6 fxe6 38. Kg2 Red7 39. Nc4 Bc5 40. Qxa5 Rd3 41.
Nxe5 Rd2+ 42. Kh1 Bb4 43. Qb5 Rxb2 44. Qc4 Rdd2 45. Qxe6+ Kh8 46. Ng6+ hxg6 47.
Qh3+ Kg8 48. Rc8 Rd8 49. Qe6+ Kh7 50. Qh3+ Kg8 51. Rxd8 Qxd8 52. Qe6+ Kh7 53.
Qh3+ Kg8 54. Rc8 Rb1+ 55. Kg2 Rb2+ 56. Kf1 Rb1+ 57. Ke2 Rb2+ 58. Kf1 Rb1+ 1/2-1/2

[Event "Kazakhstan Chess Cup 2023"]
[Site "Astana KAZ"]
[Date "2023.04.25"]
[Round "3.13"]
[White "Sivuk, Vitaly"]
[Black "Isanzhulov, Arystan"]
[Result "0-1"]
[WhiteTitle "GM"]
[BlackTitle "FM"]
[WhiteElo "2533"]
[BlackElo "2320"]
[WhiteFideId "14116502"]
[BlackFideId "13711644"]
[EventDate "2023.04.23"]

1. d4 Nf6 2. c4 e6 3. Nf3 d5 4. Nc3 Bb4 5. Bg5 h6 6. Bxf6 Qxf6 7. e3 O-O 8. Rc1
dxc4 9. Bxc4 c5 10. O-O cxd4 11. Ne4 Qd8 12. exd4 Nc6 13. a3 Be7 14. Qd3 Bf6 15.
Rfd1 Ne7 16. Nxf6+ gxf6 17. Qe4 Qd6 18. Qh4 Kg7 19. Ne5 Ng6 20. Nxg6 fxg6 21.
Qe4 Rf7 22. h4 Rb8 23. Rc3 Bd7 24. h5 f5 25. Qe2 g5 26. Re3 Re8 27. Re5 Rfe7 28.
Qe3 Bc6 29. Re1 Kf6 30. g4 Be4 31. f3 Bxf3 32. Qxf3 Qxd4+ 33. Kg2 Qxc4 34. gxf5
Qc6 35. R1e4 exf5 36. Qxf5+ Kg7 37. Kh3 Rf7 38. Qg4 Rxe5 39. Rxe5 Qh1+ 40. Kg3
Qg1+ 41. Kh3 Qf1+ 0-1

[Event "Kazakhstan Chess Cup 2023"]
[Site "Astana KAZ"]
[Date "2023.04.25"]
[Round "3.14"]
[White "Radzhabov, Rodion"]
[Black "Goganov, Aleksey"]
[Result "0-1"]
[WhiteTitle "FM"]
[BlackTitle "GM"]
[WhiteElo "2308"]
[BlackElo "2525"]
[WhiteFideId "884715"]
[BlackFideId "24109959"]
[EventDate "2023.04.23"]

1. e4 c5 2. Nf3 d6 3. Bb5+ Nd7 4. d4 cxd4 5. Qxd4 a6 6. Bxd7+ Bxd7 7. Nc3 Rc8 8.
O-O e5 9. Qd3 h6 10. Nd2 Qc7 11. Rd1 Nf6 12. Nf1 Bg4 13. Re1 Be6 14. Ne3 Be7 15.
Bd2 O-O 16. Rac1 Qc5 17. Ncd5 Nxd5 18. Nxd5 Bxd5 19. exd5 b5 20. a3 f5 21. Bb4
Qb6 22. c4 Bg5 23. Rc2 a5 24. Bd2 bxc4 25. Qc3 Bxd2 26. Qxd2 Rc5 27. Rec1 Rfc8
28. h4 Qb7 29. Rd1 f4 30. Kh2 Qf7 31. Rc3 Qh5 32. g3 Rf8 33. Rdc1 e4 34. Rxc4 e3
35. fxe3 fxg3+ 36. Kg1 Rxd5 37. Rd4 Rxd4 38. Qxd4 Qf3 39. Qd2 g2 0-1

[Event "Kazakhstan Chess Cup 2023"]
[Site "Astana KAZ"]
[Date "2023.04.25"]
[Round "3.15"]
[White "Nikitenko, Mihail"]
[Black "Ansat, Aldiyar"]
[Result "0-1"]
[WhiteTitle "GM"]
[BlackTitle "IM"]
[WhiteElo "2522"]
[BlackElo "2317"]
[WhiteFideId "13506862"]
[BlackFideId "13715658"]
[EventDate "2023.04.23"]

1. e4 c5 2. Nf3 Nc6 3. Nc3 e5 4. Bc4 Be7 5. d3 d6 6. a3 Nf6 7. Bg5 O-O 8. Bxf6
Bxf6 9. Nd5 Be6 10. c3 Rb8 11. b4 b5 12. Ba2 a5 13. bxc5 dxc5 14. a4 b4 15. Qc2
bxc3 16. Qxc3 Nd4 17. Nxd4 cxd4 18. Qd2 Bg5 19. Qe2 Qd7 20. O-O Kh8 21. Bc4 f5
22. Rab1 fxe4 23. Rxb8 Rxb8 24. Qxe4 Qd6 25. Re1 Bd7 26. h4 Bd2 27. Re2 Bc3 28.
Qxe5 Qxe5 29. Rxe5 Bxa4 30. Re7 Bd1 31. Ra7 h5 32. Kh2 a4 33. f4 Bb3 34. f5 Bxc4
35. dxc4 Bb2 36. Nf4 a3 37. g4 hxg4 38. h5 d3 39. Nxd3 Rb3 40. Nc5 Be5+ 41. Kg2
Rb2+ 42. Kf1 a2 43. Ra8+ Kh7 44. Ne6 Bf6 45. Nf8+ Kh6 46. Ne6 g6 0-1

[Event "Kazakhstan Chess Cup 2023"]
[Site "Astana KAZ"]
[Date "2023.04.26"]
[Round "4.1"]
[White "Isanzhulov, Arystan"]
[Black "Sethuraman, S.P."]
[Result "1/2-1/2"]
[WhiteTitle "FM"]
[BlackTitle "GM"]
[WhiteElo "2320"]
[BlackElo "2639"]
[WhiteFideId "13711644"]
[BlackFideId "5021596"]
[EventDate "2023.04.23"]

1. e4 c5 2. Nf3 d6 3. Bb5+ Nd7 4. a4 Nf6 5. Nc3 a6 6. Be2 b6 7. d4 cxd4 8. Qxd4
Bb7 9. O-O e6 10. Rd1 Qc7 11. Bg5 Be7 12. Nd2 Ne5 13. Be3 Qc5 14. f4 Qxd4 15.
Bxd4 Ned7 16. e5 dxe5 17. fxe5 Nd5 18. Nc4 Nb4 19. Bf2 Bc6 20. Bf3 Rc8 21. Be2
O-O 22. Nxb6 Nxb6 23. Bxb6 Nxc2 24. Rac1 Nb4 25. a5 Rfe8 26. Be3 Rb8 27. Kf2 Bd8
28. Na2 Bd5 29. Nxb4 Rxb4 30. Bd2 Rxb2 31. Rb1 Rxd2 32. Rxd2 Bxa5 33. Rdd1 Bc7
34. Bxa6 Bxe5 35. Bb7 Bxb7 36. Rxb7 g5 37. Rdd7 Rf8 38. Rb5 Bf6 39. Rb6 Ra8 40.
Rbb7 Rf8 41. Rb6 Ra8 42. Rbb7 Rf8 43. Rb6 1/2-1/2

[Event "Kazakhstan Chess Cup 2023"]
[Site "Astana KAZ"]
[Date "2023.04.26"]
[Round "4.2"]
[White "Sargsyan, Shant"]
[Black "Urazayev, Arystanbek"]
[Result "1/2-1/2"]
[WhiteTitle "GM"]
[BlackTitle "IM"]
[WhiteElo "2630"]
[BlackElo "2460"]
[WhiteFideId "13306766"]
[BlackFideId "13709810"]
[EventDate "2023.04.23"]

1. c4 e6 2. Nc3 d5 3. d4 Nf6 4. cxd5 exd5 5. Bg5 c6 6. e3 h6 7. Bh4 Be7 8. Bd3
O-O 9. Bg3 Re8 10. h3 c5 11. dxc5 Bxc5 12. Nge2 d4 13. exd4 Bxd4 14. O-O Nc6 15.
Nxd4 Nxd4 16. Bb5 Re7 17. Bh4 g5 18. Bg3 Bf5 19. Qa4 Bc2 20. Qb4 1/2-1/2